000 00390nam a2200169Ia 4500
100 _aHaykin/Simon/ Moher/Michael
650 _aCommunications
250 _a2
942 _cBK
366 _f25
654 _aanalog
245 _aIntroduction to analog and digital communications
260 _bWiley
_c2007
082 _a621.382
_bHAY
300 _a515
546 _aENGLISH
_celectronics
999 _c22670
_d22670